000 00582nam a2200229Ia 4500
003 IT-RoPAU
008 120407s9999 xx 000 0 und d
040 _aIT-RoPAU
040 _cIT-RoPAU
041 _aita
100 _aFabienne van Roy
245 _aL’iniziazione sessuale dei nostri figli. Trad. a cura di Ambretta Berti Milanoli
250 _aTorino
260 _aMarietti
260 _c1964
300 _a344 p.
300 _c21,5 cm
490 _v1
600 _a"1. Sesso - iniziazione. 2. Fanciulli - Educazione sessuale."
942 _cBK
999 _c33075
_d33075